00596nam a2200145Ia 4500008004100000024006000041082002200101100008500123245002700208260002600235600003200261650003300293856010700326999001700433260210s9999 xx 000 0 und d a10B-002-CE, 10B-011-CE, 10B-026-CE & 10B-029-CE a629.270218072 SID aMuhammad Waqar Siddiqui, Numerah Iqbal, Abu TalhaHashim & Muhammad Osama Ali 0aSecured Parking System aKarachi:bUITU,c2010 aComputer System Engineering aBachelor of Engineering (BE) uhttps://drive.google.com/file/d/15ZuoMr93dP4-Y4uuqLAT7tMjXr4J_xlB/view?usp=sharingyClick here for PDF c32757d32757